LEADER 04350nam 2201069z- 450 001 9910637793803321 005 20231214132953.0 010 $a3-0365-5648-6 035 $a(CKB)5470000001631598 035 $a(oapen)https://directory.doabooks.org/handle/20.500.12854/94541 035 $a(EXLCZ)995470000001631598 100 $a20202212d2022 |y 0 101 0 $aeng 135 $aurmn|---annan 181 $ctxt$2rdacontent 182 $cc$2rdamedia 183 $acr$2rdacarrier 200 10$aUnlocking Sacred Landscapes$eReligious and Insular Identities in Context 210 $aBasel$cMDPI - Multidisciplinary Digital Publishing Institute$d2022 215 $a1 electronic resource (250 p.) 311 $a3-0365-5647-8 330 $aThis Special Issue is the third and final volume in a trilogy of collective peer-reviewed works of the Unlocking Sacred Landscapes research network. It encompasses various approaches both to ritual space and to artefacts relating to ritual practice and cults involving islandscapes (including landscapes and seascapes). The terms ritual and cult are used broadly to include sanctuaries, temples, and churches, as well as the domestic and funerary spheres of life. Although the main focus of the Special Issue is the Mediterranean region, studies related to other regions are included to stimulate wider methodological dialogues and comparative approaches. The time span ranges from prehistory to the recent past, and research includes ethnography and cultural heritage studies. The contributions of the issue deal with historical and culturally driven perspectives that recognise the complexities of island religious systems as well as the active role of the islanders in constructing their own religious identities, irrespective of emulation and acculturation. The authors consider inter-island and island/mainland relations, maritime connectivity of things and people, and ideological values in relation to religious change, as well as the relation between island space and environment in the performance and maintenance of spiritual lives. 517 $aUnlocking Sacred Landscapes 606 $aReligion & beliefs$2bicssc 610 $amulti-confessionalism 610 $apopular religion 610 $asacred trees 610 $asnakes 610 $ainsularity 610 $aconnectivity 610 $ahierotopy 610 $aCyprus 610 $aLate Bronze Age 610 $aritual 610 $acommemoration 610 $aburials 610 $amortuary practice 610 $asacred space 610 $aLate Antiquity 610 $aeconomy 610 $asacred topography 610 $achurches 610 $alandscape archaeology 610 $aEarly Byzantine 610 $ahistorical archaeology 610 $amemorialisation 610 $aIsland Archaeology 610 $aGIS 610 $amaterial culture 610 $aIkaros/Failaka 610 $aHellenistic East 610 $aSeleucids 610 $alate Middle Ages 610 $apilgrimage 610 $amap of Cyprus 610 $amedieval cartography 610 $ahistory of navigation 610 $amaritime shrine 610 $amixed shrines 610 $amaritime routes 610 $amidwives 610 $aEileithyia 610 $aMinoan peak sanctuaries 610 $aBronze Age medicine 610 $agender studies 610 $aSardinia 610 $asacred landscapes 610 $amaritime identities 610 $acommunity identities 610 $arural churches 610 $ahistorical contingency 610 $aOttoman era 610 $aCyclades islands 610 $aAegean Sea 610 $aclub house 610 $aMalta 610 $aMediterranean 610 $aisland societies 610 $aislandscapes 610 $aritual and cult 610 $avisual and material culture 615 7$aReligion & beliefs 700 $aPapantoniou$b Giorgos$4edt$0721758 702 $aVionis$b Athanasios K$4edt 702 $aMorris$b Christine E$4edt 702 $aPapantoniou$b Giorgos$4oth 702 $aVionis$b Athanasios K$4oth 702 $aMorris$b Christine E$4oth 906 $aBOOK 912 $a9910637793803321 996 $aUnlocking Sacred Landscapes$93021360 997 $aUNINA LEADER 04294nam 22005895 450 001 9910686788303321 005 20251008160529.0 010 $a9783031245633 010 $a3031245636 024 7 $a10.1007/978-3-031-24563-3 035 $a(CKB)5590000001034622 035 $a(DE-He213)978-3-031-24563-3 035 $a(MiAaPQ)EBC7233649 035 $a(Au-PeEL)EBL7233649 035 $a(EXLCZ)995590000001034622 100 $a20230331d2023 u| 0 101 0 $aeng 135 $aurnn|008mamaa 181 $ctxt$2rdacontent 182 $cc$2rdamedia 183 $acr$2rdacarrier 200 14$aThe Digital Future of Hospitality /$fby Lindsay Anne Balfour 205 $a1st ed. 2023. 210 1$aCham :$cSpringer International Publishing :$cImprint: Palgrave Macmillan,$d2023. 215 $a1 online resource (VII, 141 p.) 311 08$a9783031245626 311 08$a3031245628 320 $aIncludes bibliographical references and index. 327 $aChapter 1: Introduction: The Digital Future of Hospitality -- Chapter 2: Surrogates, Androids and the Digital Host Body.-Chapter 3: Violence, Gendered Labour, and the Hospitality of the Digital Domestic -- Chapter 4: Sharing Spaces: Stranger Encounters in the Gig Economy -- Chapter 5: Embodied Computing and the Digital Intimacy of Wearable Technologies -- Chapter 6: Conclusion: Eating the Other and Hacking Hospitality. . 330 $a?In a ghostly world, with spectre-visitors on digital doorsteps, this book offers a fascinating entry point to diverse cultural modalities for digital hospitality.? ? Paul Crawford, Professor of Health Humanities at the University of Nottingham and lead author of Florence Nightingale at Home (Palgrave, 2020). ?Lindsay Balfour engages one of the most pressing challenges of our age - how to understand the digital paradox of experiencing strangers as present in their absence. This new phenomenon of uncanny spectrality will be the doing or undoing of our contemporary world. An important and timely book, lucidly written and passionately argued.? ? Professor Richard Kearney, Charles B. Seelig Chair of Philosophy at Boston College, USA This book asks how an unconditional welcome to strangers is both challenged and made possible by new digital technologies, machine learning, and human-computerinteraction (HCI). It argues that the digital ? the advancement of data, the proliferation of machines (embodied or not) in our homes and on our screens, and the millions of lines of code that organize and predict our lives ? is not the absence of hospitality but rather the beginning, though not without its challenges. While such an ethic remains more important than ever, The Digital Future of Hospitality updates this enduring philosophical imperative for digital times. Through the lens of cultural studies, intersectional feminism, and posthumanism, this book reanimates hospitality in relation to a series of digital texts that are relevant to the twenty-first century and beyond ? android figures on television, virtual domestic assistants, home- and ride-sharing apps, wearable devices, and a renewed cultural obsession with viruses and immunity. Dr. Lindsay Anne Balfour is Assistant Professor of Digital Media in the Centre for Postdigital Cultures at Coventry University, where she works in the Postdigital Intimacies research cluster. She is the author of Hospitality in a Time of Terror: Strangers at the Gate (2017) and the forthcoming collection Femtech: Intersectional Interventions in Women?s Digital Health (Palgrave, 2023). . 606 $aCulture$xStudy and teaching 606 $aDigital media 606 $aDigital humanities 606 $aCultural Studies 606 $aDigital and New Media 606 $aDigital Humanities 615 0$aCulture$xStudy and teaching. 615 0$aDigital media. 615 0$aDigital humanities. 615 14$aCultural Studies. 615 24$aDigital and New Media. 615 24$aDigital Humanities. 676 $a302 676 $a302.01 700 $aBalfour$b Lindsay Anne$01354188 801 0$bMiAaPQ 801 1$bMiAaPQ 801 2$bMiAaPQ 906 $aBOOK 912 $a9910686788303321 996 $aThe Digital Future of Hospitality$93308939 997 $aUNINA